Maska /
Příběh je považován za autorův nejlepší thriller o nelítostném zabijákovi, jménem Ringer - tedy Maska. Ten terorizuje Londýn. Policie opakuje stále stejné chyby, kvůli kterým ho nemůže dopadnout. Policejní detektivní inspektor Alan Wembury je totiž zamilován, ale bratr jeho vyvolené je zapleten do k...
Uloženo v:
| Hlavní autor: | |
|---|---|
| Médium: | E-kniha |
| Jazyk: | Czech |
| Vydáno: |
Praha :
Artis,
2021
|
| Tagy: |
Žádné tagy |
| LEADER | 01253nam a22002297i 4500 | ||
|---|---|---|---|
| 001 | 311308 | ||
| 007 | ta | ||
| 008 | 260601s2021 xr ||||| |||| 00| 0 cze d | ||
| 020 | |a 9990003162120 | ||
| 044 | |a xr | ||
| 100 | 1 | |a Wallace, Edgar |4 aut | |
| 245 | 1 | 0 | |a Maska / |c Wallace, Edgar |
| 264 | 1 | |a Praha : |b Artis, |c 2021 | |
| 300 | |a 1 online zdroj (166 stran) | ||
| 336 | |a text |b txt |2 rdacontent | ||
| 337 | |a bez média |b n |2 rdamedia | ||
| 338 | |a online zdroj |b cr |2 rdacarrier | ||
| 520 | 2 | |a Příběh je považován za autorův nejlepší thriller o nelítostném zabijákovi, jménem Ringer - tedy Maska. Ten terorizuje Londýn. Policie opakuje stále stejné chyby, kvůli kterým ho nemůže dopadnout. Policejní detektivní inspektor Alan Wembury je totiž zamilován, ale bratr jeho vyvolené je zapleten do kriminálních kruhů, což pátrání ztěžuje… | |
| 910 | |a RBIT002 | ||
| 998 | |d 316212 |a https://core.palmknihy.cz/api/books/316212/cover?qrjd8x |b https://core.palmknihy.cz/api/books/316212/cover/400?qrjd8x |c https://core.palmknihy.cz/api/books/316212/cover/50?qrjd8x |e 2099-01-01 |g 166 |i 9990003162120 |j https://core.palmknihy.cz/api/books/316212/preview.epub |l |q 49 |r 1 |s https://www.palmknihy.cz/kniha/316212 |t ebook |y 2021 |z 1 | ||
| 999 | |d 311306 | ||